Methodology of Educational Research (Record no. 30658)

000 -LEADER
fixed length control field 00488nam a2200205Ia 4500
003 - CONTROL NUMBER IDENTIFIER
control field 0Nust
005 - DATE AND TIME OF LATEST TRANSACTION
control field 20170105110251.0
008 - FIXED-LENGTH DATA ELEMENTS--GENERAL INFORMATION
fixed length control field 161124s9999 xx 000 0 und d
020 ## - INTERNATIONAL STANDARD BOOK NUMBER
International Standard Book Number 0-7069-8852-3
040 ## - CATALOGING SOURCE
Transcribing agency IGIS
041 ## - LANGUAGE CODE
Language code of text/sound track or separate title English
082 ## - DEWEY DECIMAL CLASSIFICATION NUMBER
Classification number 730.78
Author Mark KOU
100 ## - MAIN ENTRY--PERSONAL NAME
Personal name Koul Lokesh
245 ## - TITLE STATEMENT
Title Methodology of Educational Research
250 ## - EDITION STATEMENT
Edition statement 3rd
260 ## - PUBLICATION, DISTRIBUTION, ETC.
Place of publication, distribution, etc. New delhi
Name of publisher, distributor, etc. Vikas Printer
Date of publication, distribution, etc. 2006
300 ## - PHYSICAL DESCRIPTION
Extent 543
505 ## - FORMATTED CONTENTS NOTE
Formatted contents note Educational Research
650 ## - SUBJECT ADDED ENTRY--TOPICAL TERM
Topical term or geographic name entry element Educational Research
942 ## - ADDED ENTRY ELEMENTS (KOHA)
Koha item type Book
Holdings
Withdrawn status Lost status Damaged status Not for loan Collection code Permanent Location Current Location Date acquired Source of acquisition Total Checkouts Full call number Barcode Date last seen Price effective from Koha item type
          Institute of Geographical Information Systems (IGIS) Institute of Geographical Information Systems (IGIS)   Purchased   730.78KOU IGIS331 01/05/2017   Book
© 2023 Central Library, National University of Sciences and Technology. All Rights Reserved.